Detalles MARC
| 000 -Líder |
| Campo de control de longitud fija |
04406nam a2200337 i 4500 |
| 001 - Número de control |
| Número de control |
000802961 |
| 005 - Fecha y Hora de Actualización |
| Campo de control |
20251029074858.0 |
| 008 - Longitud Fija |
| Campo de control de longitud fija |
140219s1998 mx a gr 000 0 spa d |
| 020 ## - International Standard Book Number |
| Número Internacional Estándar del Libro |
0721657729 |
| 040 ## - Fuente de Catalogación |
| Centro catalogador/agencia de origen |
CO-BoUNC |
| Idiona de catalogación |
Español |
| Norma de descripción |
rda |
| 041 ## - Idioma |
| Código de idioma del texto/banda sonora o título independiente |
Español |
| Código de idioma original |
Español |
| 100 ## - Autor Personal |
| Nombre de persona |
Tizard, Ian R. |
| Término indicativo de función/relación |
autor |
| 9 (RLIN) |
862 |
| 245 10 - Título Propiamente Dicho |
| Título |
Inmunología veterinaria / |
| Mención de responsabilidad, etc. |
Ian R. Tizard ; traducción Martha Elena Araiza. |
| 250 ## - Edición |
| Mención de edición |
Quinta edición |
| 264 ## - Pie de Imprenta |
| Producción, publicación, distribución, fabricación y copyright |
México : |
| Nombre del de productor, editor, distribuidor, fabricante |
Mc Graw Hill ; |
| Fecha de producción, publicación, distribución, fabricación o copyright |
1999 |
| 300 ## - Descripción Física |
| Extensión |
567 páginas |
| Ilustraciones |
ilustraciones, fotográfias ; |
| Dimensiones |
25 cm. |
| 336 ## - Tipo de Contenido |
| Término de tipo de contenido |
texto |
| Código de tipo de contenido |
texto |
| Fuente |
rda contenido |
| 337 ## - Tipo de Mediación |
| Nombre/término del tipo de medio |
sin mediación |
| Código del tipo de medio |
no mediado |
| Fuente |
rda medio |
| 338 ## - Tipo de Portador |
| Nombre/término del tipo de soporte |
volumen |
| Código del tipo de soporte |
volumen |
| Fuente |
rda soporte |
| 505 ## - Nota de Contenido |
| Nota de Bibliografía |
Contenido. -- Capítulo 1 Las defensas del cuerpo. -- Capítulo 2 Invasores del cuerpo. -- Capítulo 3 destrucción de materias extrañas. -- Capítulo 4 Macrófagos: el segundo grupo de células fagocíticas. -- Capítulo 5 Inflamación. -- Capítulo 6 MHC: Receptores presentadores de antígenos. -- Capítulo 7 Trasformación de antígenos. -- Capítulo 8 Órganos del sistema inmunitario. -- Capítulo 9 Linfocitos. -- Capítulo 10 Células T auxiliares y su respuesta al antígeno. - Capítulo 11 Las células B y su respuesta al antígeno. -- Capítulo 12 Las citocinas y el sistema inmunitario. -- Capítulo 13 Anticuerpos: Formas solubles de os receptores de células B. -- Capítulo 14 Sitios de unión de antígenos y su genética. -- Capítulo 15 Función de las células T y destrucción del antígeno vinculado a células. -- Capítulo 16 El sistema del complemento. -- Capítulo 17 Regulación del sistema inmunitario. -- Capítulo 18 Serología: detección de anticuerpos y métodos de medición. -- Capítulo 19 Inmunidad en el feto y el neonato. -- Capítulo 20 Inmunidad en las superficies corporales. -- Capítulo 21 Vacunación y vacunas. -- Capítulo 22 Resistencia a las bacterias. -- Capítulo 23 Resistencia los virus. -- Capítulo 24 Inmunidad contra los parásitos. -- Capítulo 25 Resistencia a los tumores. -- Capítulo 26 Hipersensibilidad de tipo I. -- Capítulo 27 Antígenos de los eritrocitos e hipersensibilidad tipo II. -- Capítulo 28 Complejos inmunitarios e hipersensibilidad tipo III. -- Capítulo 29 Hipersensibilidad de tipo IV: hipersensibilidad retardada. -- Capítulo 30 Hipersensibilidad de tipo IV: rechazo de injertos. -- Capítulo 31 Autoinmunidad: principios generales. -- Capítulo 32 Enfermedades autoinmunitarias especificas de órganos. -- Capítulo 33 Enfermedades autoinmunitarias sistémicas. -- Capítulo 34 Deficiencias inmunitarias primarias. -- Capítulo 35 Defectos inmunitarios secundarios. -- Capítulo 36 Fármacos y otros agentes que afectan al sistema inmunitario. -- Capítulo 37 La evolución del sistema inmunitario. -- Glosario. -- Lista comentada de algunas moléculas de grupos de diferenciación. -- Índice alfabético. |
| 520 ## - Nota de Resumen |
| Resumen, Sumario, etc. |
El libro Inmunología veterinaria del autor Ian R. Tizard, con traducción al español de Martha Elena Araiza, es una obra de referencia fundamental en el campo de la inmunología aplicada a la medicina veterinaria.<br/><br/>Presenta de manera clara y actualizada los principios básicos del sistema inmunitario y su funcionamiento en diferentes especies animales, abordando tanto los aspectos moleculares y celulares de la respuesta inmune como su relación con las enfermedades infecciosas, autoinmunes, alérgicas y neoplásicas que afectan a los animales domésticos.<br/><br/>El texto combina el rigor científico con un enfoque didáctico y clínico, orientado al entendimiento práctico de los mecanismos inmunológicos y su aplicación en el diagnóstico, prevención y tratamiento de patologías veterinarias. Incluye ilustraciones, esquemas y ejemplos de casos clínicos que facilitan la comprensión de los conceptos más complejos.<br/><br/>Esta obra es una guía esencial para estudiantes y profesionales de medicina veterinaria, así como para investigadores interesados en la inmunología comparada y la salud animal. |
| 598 ## - Programas Académicos |
| Programas Académicos |
Medicina Veterinaria |
| 700 ## - Coautor personal |
| Nombre de persona |
Araiza, Martha Elena |
| Término indicativo de función/relación |
Traductor |
| 9 (RLIN) |
863 |
| 082 04 - Clasificación Decimal Dewey |
| Número de clasificación |
636.0896079 |
| Clave de autor |
T625i |
| 650 10 - Materia General |
| Topical term or geographic name entry element |
Inmunología veterinaria |
| Fuente del encabezamiento o término |
LEMB |
| 9 (RLIN) |
864 |
| 650 10 - Materia General |
| Topical term or geographic name entry element |
Veterinaria y zootecnia |
| Fuente del encabezamiento o término |
LEMB |
| 9 (RLIN) |
865 |
| 650 10 - Materia General |
| Topical term or geographic name entry element |
Sistema inmunitario en animales |
| 9 (RLIN) |
866 |
| 650 10 - Materia General |
| Topical term or geographic name entry element |
Enfermedades animales |
| Subdivisión general |
Aspectos inmunológicos |
| 9 (RLIN) |
867 |
| 650 10 - Materia General |
| Topical term or geographic name entry element |
Enfermedades inmunológicas |
| 9 (RLIN) |
846 |
| 942 ## - Punto de Acceso Adicional Koha |
| Tipo de ítem Koha |
Libro general |
| Suprimir en OPAC |
No |